[Event "Wales-chT 1920"]
[Site "Wales"]
[Date "2019.10.20"]
[Round "1.5"]
[White "Jukes, Sam"]
[Black "Parry, Matthew"]
[Result "1-0"]
[WhiteElo "1897"]
[BlackElo "1913"]
[PlyCount "133"]
[EventDate "2019.10.20"]
[EventType "team-tourn"]
[EventRounds "7"]
[EventCountry "WLS"]
[SourceTitle "EXT 2022"]
[Source "ChessBase"]
[SourceDate "2021.10.06"]
[SourceVersion "1"]
[SourceVersionDate "2021.10.06"]
[SourceQuality "1"]
[WhiteTeam "The Full Ponty"]
[BlackTeam "Abergavenny"]
[WhiteTeamCountry "WLS"]
[BlackTeamCountry "WLS"]

1. e4 d5 2. exd5 Nf6 3. d4 Bg4 4. Bb5+ Nbd7 5. Ne2 a6 6. Bd3 Nxd5 7. 0-0 N7f6 8. Bd2 e6 9. c4 Nb6 10. Be3 Be7 11. Nbc3 0-0 12. f3 Bh5 13. Nf4 Nbd7 14. Nxh5 Nxh5 15. Qc2 Nhf6 16. Rad1 Kh8 17. Ne4 e5 18. dxe5 Nxe5 19. Nxf6 Bxf6 20. Bxh7 Qe7 21. Be4 c6 22. Rfe1 Qc7 23. Bf2 g6 24. c5 Kg7 25. Bg3 Qe7 26. Rd6 Rad8 27. f4 Ng4 28. Qd1 Rxd6 29. cxd6 Qd7 30. Qd3 c5 31. h3 Bd4+ 32. Kf1 Nf6 33. Bxg6 Qxd6 34. Be4 b5 35. f5 Qd7 36. Bf4 Nh5 37. Be5+ f6 38. Bxd4 Qxd4 39. Qxd4 cxd4 40. Kf2 Re8 41. Kf3 Kh6 42. g4 Ng7 43. Rd1 Rd8 44. Bb7 a5 45. Ba6 b4 46. Bb5 Kg5 47. Re1 d3 48. Rd1 Kh4 49. Bxd3 Ne8 50. Kg2 Rd4 51. Be2 Rxd1 52. Bxd1 Nd6 53. Be2 Ne4 54. Bd3 Ng5 55. Bf1 Nxh3 56. Kf3 Ng5+ 57. Kf4 Nf7 58. Be2 a4 59. Ke4 a3 60. b3 Ne5 61. Kd5 Nxg4 62. Ke6 Nf2 63. Kxf6 Ne4+ 64. Ke5 Ng5 65. f6 Kg3 66. Bc4 Kf3 67. Kd4 1-0

[Event "South Wales op 16th"]
[Site "Cardiff"]
[Date "2019.07.07"]
[Round "1"]
[White "Korneev, Oleg"]
[Black "Parry, Matthew"]
[Result "1-0"]
[WhiteElo "2523"]
[BlackElo "1909"]
[PlyCount "39"]
[EventDate "2019.07.07"]
[EventType "swiss"]
[EventRounds "9"]
[EventCountry "WLS"]
[SourceTitle "CBM 191 Extra"]
[Source "ChessBase"]
[SourceDate "2019.09.30"]
[SourceVersion "1"]
[SourceVersionDate "2019.09.30"]
[SourceQuality "1"]

1. e4 d5 2. exd5 Nf6 3. d4 Bg4 4. Be2 Bxe2 5. Qxe2 Qxd5 6. Nf3 Nc6 7. 0-0 0-0-0 8. Be3 e6 9. c4 Qh5 10. Nc3 Ng4 11. h3 Nxe3 12. Qxe3 b6 13. Qe4 Kd7 14. Rad1 Ne7 15. d5 Ke8 16. dxe6 Rxd1 17. Rxd1 fxe6 18. Ne5 Nd5 19. cxd5 Bc5 20. dxe6 1-0

[Event "BCF-chT4S 1718 (4NCL)"]
[Site "England"]
[Date "2018.01.13"]
[Round "3.21"]
[White "Norman, Kenneth I"]
[Black "Parry, Matthew"]
[Result "1-0"]
[WhiteElo "2120"]
[BlackElo "1903"]
[PlyCount "59"]
[EventDate "2017.11.11"]
[EventType "team-swiss"]
[EventRounds "11"]
[EventCountry "ENG"]
[SourceTitle "EXT 2020"]
[Source "ChessBase"]
[SourceDate "2019.10.17"]
[SourceVersion "1"]
[SourceVersionDate "2019.10.17"]
[SourceQuality "1"]
[WhiteTeam "Iceni"]
[BlackTeam "West is Best IV"]
[WhiteTeamCountry "ENG"]
[BlackTeamCountry "WLS"]

1. Nf3 d6 2. d4 Nf6 3. c4 g6 4. g3 Bg7 5. Bg2 0-0 6. Nc3 Nbd7 7. 0-0 e5 8. e4 Re8 9. h3 b6 10. d5 Bb7 11. Be3 Nc5 12. Qc2 c6 13. b4 Na6 14. a3 cxd5 15. cxd5 Rc8 16. Nd2 Nb8 17. Rfc1 a6 18. Qb3 Nbd7 19. a4 Qc7 20. Rab1 Qb8 21. Bf1 Re7 22. Nc4 Nxe4 23. Nxe4 Bxd5 24. Qd3 Qa8 25. Nexd6 e4 26. Qd1 Rd8 27. Bxb6 Nxb6 28. Nxb6 Qb8 29. Nxd5 Rxd6 30. Nxe7+ 1-0

[Event "Bridgend South Wales op"]
[Site "Bridgend"]
[Date "2018.01.07"]
[Round "5"]
[White "Howells, Chris"]
[Black "Parry, Matthew"]
[Result "1/2-1/2"]
[WhiteElo "1860"]
[BlackElo "1903"]
[PlyCount "96"]
[EventDate "2018.01.05"]
[EventType "swiss"]
[EventRounds "5"]
[EventCountry "WLS"]
[SourceTitle "CBM 182 Extra"]
[Source "ChessBase"]
[SourceDate "2018.02.23"]
[SourceVersion "1"]
[SourceVersionDate "2018.02.23"]
[SourceQuality "1"]

1. d4 Nf6 2. c4 Nc6 3. Nf3 e6 4. a3 d5 5. cxd5 exd5 6. Nc3 Ne4 7. Bf4 Nxc3 8. bxc3 Bd6 9. Bxd6 Qxd6 10. e3 0-0 11. Be2 Bg4 12. 0-0 Ne7 13. Ne5 Bxe2 14. Qxe2 f6 15. Nd3 Rfe8 16. Rfc1 Nf5 17. Qf3 Nh4 18. Qf4 Qxf4 19. Nxf4 c6 20. c4 dxc4 21. Rxc4 g5 22. Nd3 Nf5 23. Rb1 Nd6 24. Rc2 Nb5 25. Rb3 Rac8 26. h3 Nd6 27. a4 b5 28. axb5 cxb5 29. Ra2 Rc7 30. Ra6 Rd8 31. Nc5 Kf7 32. f3 Ke7 33. Kf2 Rb8 34. e4 Rb6 35. Rxb6 axb6 36. Nd3 Rc2+ 37. Kg3 Rd2 38. Nb4 f5 39. exf5 Nxf5+ 40. Kg4 Nxd4 41. Re3+ Kd6 42. g3 h6 43. Rd3 Rxd3 44. Nxd3 Nc6 45. f4 b4 46. fxg5 Ne5+ 47. Kf5 Nxd3 48. gxh6 b3 1/2-1/2

[Event "Bridgend South Wales op"]
[Site "Bridgend"]
[Date "2018.01.05"]
[Round "1"]
[White "Bullen, Alex"]
[Black "Parry, Matthew"]
[Result "1-0"]
[WhiteElo "2098"]
[BlackElo "1903"]
[PlyCount "41"]
[EventDate "2018.01.05"]
[EventType "swiss"]
[EventRounds "5"]
[EventCountry "WLS"]
[SourceTitle "CBM 182 Extra"]
[Source "ChessBase"]
[SourceDate "2018.02.23"]
[SourceVersion "1"]
[SourceVersionDate "2018.02.23"]
[SourceQuality "1"]

1. d4 Nf6 2. Nf3 e6 3. Bf4 c5 4. e3 Nc6 5. c3 Be7 6. Nbd2 d5 7. Bd3 0-0 8. 0-0 cxd4 9. exd4 Ne8 10. Ne5 Nxe5 11. dxe5 g6 12. Qf3 Bd7 13. Qh3 Ng7 14. Nf3 f5 15. Qh6 Nh5 16. Ng5 Bxg5 17. Bxg5 Qb6 18. b4 Rac8 19. Be3 Qd8 20. Rac1 Qh4 21. Bg5 1-0

[Event "WLS-chT 1718"]
[Site "Wales"]
[Date "2017.11.05"]
[Round "2.16"]
[White "Davis, Lee"]
[Black "Parry, Matthew"]
[Result "1/2-1/2"]
[WhiteElo "1937"]
[BlackElo "1902"]
[PlyCount "107"]
[EventDate "2017.10.22"]
[EventType "team-tourn"]
[EventRounds "5"]
[EventCountry "WLS"]
[SourceTitle "EXT 2020"]
[Source "ChessBase"]
[SourceDate "2019.10.17"]
[SourceVersion "1"]
[SourceVersionDate "2019.10.17"]
[SourceQuality "1"]
[WhiteTeam "The Vale"]
[BlackTeam "Abergavenny"]
[WhiteTeamCountry "WLS"]
[BlackTeamCountry "WLS"]

1. d4 Nf6 2. g3 Nc6 3. Nf3 e6 4. Bg2 Be7 5. 0-0 0-0 6. c4 d5 7. cxd5 exd5 8. Nc3 Nb4 9. Bf4 c6 10. Qb3 Na6 11. Rac1 Bd6 12. Bg5 h6 13. Bxf6 Qxf6 14. e4 dxe4 15. Nxe4 Qe7 16. Rfe1 Bb4 17. Nc3 Qd6 18. a3 Bxc3 19. bxc3 Nc7 20. a4 Be6 21. Qb2 Rab8 22. Ne5 Rfd8 23. Rcd1 Bd5 24. Bh3 Ne6 25. f4 b5 26. Qe2 Re8 27. Qh5 Re7 28. Re3 bxa4 29. Rde1 Rbe8 30. Nxf7 Rxf7 31. f5 Rfe7 32. f6 gxf6 33. Bxe6+ Rxe6 34. Qg6+ Kf8 35. Qxh6+ Ke7 36. Rxe6+ Bxe6 37. Qg7+ Kd8 38. Qxf6+ Kc7 39. c4 Bd7 40. Qxd6+ Kxd6 41. c5+ Kd5 42. Ra1 Bh3 43. Kf2 Kxd4 44. Rxa4+ Kxc5 45. Rxa7 Kd4 46. Ra4+ Kc3 47. g4 c5 48. Ra3+ Kd2 49. Rxh3 c4 50. Rh7 Rf8+ 51. Kg3 Rc8 52. Rd7+ Ke3 53. Re7+ Kd2 54. Rd7+ 1/2-1/2

[Event "South Wales op 13th"]
[Site "Cardiff"]
[Date "2016.07.12"]
[Round "9"]
[White "Parry, Matthew"]
[Black "Robertson, Jim"]
[Result "1-0"]
[WhiteElo "1909"]
[BlackElo "1649"]
[PlyCount "45"]
[EventDate "2016.07.07"]
[EventType "swiss"]
[EventRounds "10"]
[EventCountry "WLS"]
[SourceTitle "EXT 2017"]
[Source "ChessBase"]
[SourceDate "2016.10.25"]
[SourceVersion "1"]
[SourceVersionDate "2016.10.25"]
[SourceQuality "1"]

1. d4 d5 2. Nf3 e6 3. Bf4 f5 4. e3 Nf6 5. c4 c6 6. Qc2 Be7 7. Bd3 Ne4 8. Nc3 Nd7 9. cxd5 exd5 10. 0-0 Ndf6 11. Ne5 0-0 12. f3 Nxc3 13. bxc3 Nh5 14. g4 Nxf4 15. exf4 Qe8 16. Rf2 Bh4 17. Re2 g5 18. gxf5 gxf4 19. Ng6 Bf2+ 20. Kxf2 Qd8 21. Nxf8 Qh4+ 22. Kg1 Kxf8 23. Rg2 1-0

[Event "South Wales op 13th"]
[Site "Cardiff"]
[Date "2016.07.11"]
[Round "7"]
[White "Parry, Matthew"]
[Black "Lutchman Singh, Karanvir"]
[Result "1-0"]
[WhiteElo "1909"]
[BlackElo "1716"]
[PlyCount "81"]
[EventDate "2016.07.07"]
[EventType "swiss"]
[EventRounds "10"]
[EventCountry "WLS"]
[SourceTitle "EXT 2017"]
[Source "ChessBase"]
[SourceDate "2016.10.25"]
[SourceVersion "1"]
[SourceVersionDate "2016.10.25"]
[SourceQuality "1"]

1. d4 Nf6 2. c4 g6 3. Nc3 Bg7 4. e4 d6 5. f4 c5 6. d5 0-0 7. Nf3 e6 8. Be2 a6 9. e5 dxe5 10. fxe5 Ng4 11. Bg5 Qb6 12. Qd2 Nxe5 13. 0-0 Qa5 14. Bh6 Nxf3+ 15. Rxf3 exd5 16. cxd5 Bg4 17. Rxf7 Rxf7 18. Bxg4 Kh8 19. Be6 Re7 20. Qg5 Qd8 21. Bxg7+ Kxg7 22. Qe5+ Kh6 23. g4 Rxe6 24. Qxe6 Nd7 25. Rf1 Qe8 26. Rf7 Nf8 27. g5+ Kh5 28. Qh3+ Kxg5 29. Qg3+ Kh5 30. h4 Qd8 31. Qe5+ Kh6 32. Qf4+ Kh5 33. Rxf8 Qe7 34. Rxa8 Qe1+ 35. Kg2 h6 36. Qf3+ Kxh4 37. Qe4+ Qxe4+ 38. Nxe4 g5 39. d6 g4 40. d7 h5 41. d8Q# 1-0

[Event "South Wales op 13th"]
[Site "Cardiff"]
[Date "2016.07.08"]
[Round "3"]
[White "Parry, Matthew"]
[Black "Longson, Sarah N"]
[Result "0-1"]
[WhiteElo "1909"]
[BlackElo "2117"]
[PlyCount "74"]
[EventDate "2016.07.07"]
[EventType "swiss"]
[EventRounds "10"]
[EventCountry "WLS"]
[SourceTitle "EXT 2017"]
[Source "ChessBase"]
[SourceDate "2016.10.25"]
[SourceVersion "1"]
[SourceVersionDate "2016.10.25"]
[SourceQuality "1"]

1. d4 d5 2. Nf3 Nf6 3. e3 e6 4. Bd3 c5 5. c3 Nbd7 6. Nbd2 Bd6 7. 0-0 0-0 8. Re1 e5 9. dxe5 Nxe5 10. Nxe5 Bxe5 11. e4 Bg4 12. Be2 Bxe2 13. Qxe2 Re8 14. g3 Bc7 15. c4 dxe4 16. Nf1 Nd7 17. Qg4 Ne5 18. Qxe4 Nf3+ 19. Qxf3 Rxe1 20. Bg5 Rxf1+ 21. Kxf1 Qxg5 22. Qxb7 Qd8 23. Kg2 Rb8 24. Qc6 Qd6 25. Qxd6 Bxd6 26. Rd1 Rb6 27. Kf3 Kf8 28. b3 Ke7 29. Ke4 a5 30. Rd2 a4 31. bxa4 Rb4 32. Kd5 Rxa4 33. Rb2 Ra6 34. a4 Kf6 35. Ra2 Be7 36. f4 Kf5 37. h3 Rd6+ 0-1

[Event "South Wales op 13th"]
[Site "Cardiff"]
[Date "2016.07.07"]
[Round "1"]
[White "Wells, Peter K"]
[Black "Parry, Matthew"]
[Result "1-0"]
[WhiteElo "2419"]
[BlackElo "1909"]
[PlyCount "49"]
[EventDate "2016.07.07"]
[EventType "swiss"]
[EventRounds "10"]
[EventCountry "WLS"]
[SourceTitle "EXT 2017"]
[Source "ChessBase"]
[SourceDate "2016.10.25"]
[SourceVersion "1"]
[SourceVersionDate "2016.10.25"]
[SourceQuality "1"]

1. Nf3 d5 2. d4 c6 3. c4 e6 4. Nbd2 dxc4 5. Nxc4 b5 6. Nce5 Bb4+ 7. Bd2 Qe7 8. g3 Bb7 9. Bg2 Nf6 10. 0-0 c5 11. a4 Bxd2 12. Qxd2 0-0 13. axb5 cxd4 14. Rfc1 Qd6 15. Qxd4 Qb6 16. Qxb6 axb6 17. Rxa8 Bxa8 18. Rc7 Ne8 19. Ra7 Bxf3 20. Bxf3 Nd6 21. Nd7 Nxb5 22. Rb7 Nxd7 23. Rxd7 e5 24. e3 Rc8 25. Bc6 1-0

[Event "WLS-chT 1516"]
[Site "Wales"]
[Date "2016.01.24"]
[Round "4.17"]
[White "Parry, Matthew"]
[Black "Sivarajasingam, Shayanna"]
[Result "1-0"]
[WhiteElo "1899"]
[BlackElo "1557"]
[PlyCount "143"]
[EventDate "2015.11.01"]
[EventType "team-tourn"]
[EventRounds "7"]
[EventCountry "WLS"]
[SourceTitle "EXT 2018"]
[Source "ChessBase"]
[SourceDate "2017.10.13"]
[SourceVersion "1"]
[SourceVersionDate "2017.10.13"]
[SourceQuality "1"]

1. d4 d5 2. c4 e6 3. Nc3 Nf6 4. cxd5 exd5 5. Bg5 c6 6. e3 Be7 7. Bd3 0-0 8. Qc2 Nbd7 9. Nf3 Re8 10. 0-0 h6 11. Bh4 Ne4 12. Bxe7 Qxe7 13. Rab1 a5 14. a3 Ndf6 15. Ne5 Nxc3 16. Qxc3 c5 17. Bb5 Ne4 18. Qc2 Rd8 19. Bd3 cxd4 20. exd4 Nd6 21. Rfe1 Qg5 22. Re3 Nf5 23. Rf3 g6 24. Qc7 Be6 25. Bxf5 Rac8 26. Nxf7 Rxc7 27. Nxg5 Bxf5 28. Rxf5 gxf5 29. Ne6 Rdc8 30. Nxc7 Rxc7 31. Kf1 Rc4 32. Ke2 Rxd4 33. Rc1 Re4+ 34. Kd3 Kf7 35. Rc7+ Kf6 36. g3 Re6 37. Rxb7 Ra6 38. Rb5 Ke5 39. f4+ Ke6 40. Kd4 a4 41. Rxd5 Rb6 42. Re5+ Kf6 43. Re2 Rb3 44. Kc4 h5 45. Rd2 Ke6 46. Kc5 Kf7 47. Kc6 Kf6 48. Rd6+ Kg7 49. Rd7+ Kg6 50. Rb7 Rd3 51. Kb5 Rb3+ 52. Ka6 Re3 53. Rb6+ Kg7 54. Ka5 Re2 55. Kxa4 Rxh2 56. Rb3 h4 57. gxh4 Rxh4 58. Rb4 Kg6 59. Kb5 Rh1 60. a4 Kf6 61. Kc5 Ra1 62. Rb6+ Ke7 63. b3 Kf7 64. Kd5 Re1 65. Rb4 Kf6 66. a5 Ra1 67. Ra4 Rd1+ 68. Kc5 Rc1+ 69. Kb6 Rc3 70. Rb4 Rc8 71. a6 Ke6 72. a7 1-0

[Event "London Classic CSC op 7th"]
[Site "London"]
[Date "2015.12.06"]
[Round "5"]
[White "Parry, Matthew"]
[Black "Rajesh, Gorak"]
[Result "1-0"]
[WhiteElo "1908"]
[BlackElo "1632"]
[PlyCount "77"]
[EventDate "2015.12.04"]
[EventType "swiss"]
[EventRounds "5"]
[EventCountry "ENG"]
[SourceTitle "CBM 169 Extra"]
[Source "ChessBase"]
[SourceDate "2015.12.18"]
[SourceVersion "1"]
[SourceVersionDate "2015.12.18"]
[SourceQuality "1"]

1. d4 Nf6 2. c4 c5 3. d5 b5 4. cxb5 a6 5. bxa6 Bxa6 6. Nc3 g6 7. e4 Bxf1 8. Kxf1 d6 9. g3 Bg7 10. Kg2 0-0 11. Nf3 Nbd7 12. h3 Qc7 13. Qc2 Rfb8 14. Re1 Ne8 15. Bd2 Ne5 16. Nxe5 Bxe5 17. a4 Qb7 18. Nb5 Nc7 19. Nxc7 Qxc7 20. Bc3 Bxc3 21. bxc3 Qa5 22. e5 c4 23. exd6 Qxd5+ 24. Qe4 e6 25. Qxd5 exd5 26. Rad1 Rd8 27. Rxd5 Rxa4 28. Re4 Kg7 29. Kf3 Ra6 30. d7 Ra7 31. Red4 Kf6 32. Ke4 Ke6 33. Re5+ Kf6 34. Rd6+ Kg7 35. Red5 Ra2 36. Rc5 Re2+ 37. Kd5 Ra2 38. Rc8 Rd2+ 39. Kc6 1-0

[Event "Birmingham 4NCL op-A 3rd"]
[Site "Birmingham"]
[Date "2015.07.17"]
[Round "1"]
[White "Dilleigh, Stephen P"]
[Black "Parry, Matthew"]
[Result "0-1"]
[WhiteElo "2096"]
[BlackElo "1848"]
[PlyCount "48"]
[EventDate "2015.07.17"]
[EventType "swiss"]
[EventRounds "5"]
[EventCountry "ENG"]
[SourceTitle "CBM 167 Extra"]
[Source "ChessBase"]
[SourceDate "2015.09.14"]
[SourceVersion "1"]
[SourceVersionDate "2015.09.14"]
[SourceQuality "1"]

1. Nf3 d5 2. d4 e6 3. c4 c6 4. Nbd2 dxc4 5. Nxc4 Bb4+ 6. Bd2 Bxd2+ 7. Qxd2 Ne7 8. e3 0-0 9. Be2 c5 10. dxc5 Na6 11. 0-0 Qxd2 12. Ncxd2 Nxc5 13. Rac1 b6 14. b4 Ba6 15. Bc4 Bxc4 16. Rxc4 Nd3 17. Rb1 Rac8 18. Rd4 Rfd8 19. Rxd8+ Rxd8 20. Rb3 Nc1 21. Ra3 Nc6 22. b5 Na5 23. g3 Rd5 24. Rc3 Ne2+ 0-1

[Event "WLS-chT 1415"]
[Site "Cardiff"]
[Date "2015.04.12"]
[Round "6.6"]
[White "Parry, Matthew"]
[Black "Guy, David T"]
[Result "1-0"]
[WhiteElo "1835"]
[BlackElo "1905"]
[PlyCount "121"]
[EventDate "2014.10.19"]
[EventType "team-swiss"]
[EventRounds "7"]
[EventCountry "WLS"]
[SourceTitle "EXT 2016"]
[Source "ChessBase"]
[SourceDate "2015.10.08"]
[SourceVersion "1"]
[SourceVersionDate "2015.10.08"]
[SourceQuality "1"]

1. d4 Nf6 2. Nf3 g6 3. e3 d5 4. Bd3 Bg7 5. 0-0 0-0 6. Nbd2 Nbd7 7. Re1 c6 8. c3 Qc7 9. e4 dxe4 10. Nxe4 Nxe4 11. Rxe4 Nf6 12. Bf4 Qb6 13. Re2 Bg4 14. Rd2 Nd5 15. Bg3 Bh6 16. Rc2 Rad8 17. h3 Bxf3 18. Qxf3 e6 19. Re1 Bg7 20. a3 a5 21. h4 h5 22. Be5 Bxe5 23. Rxe5 Rd7 24. g4 hxg4 25. Qxg4 Nf6 26. Qg3 Nh7 27. Kf1 Qd8 28. h5 Qf6 29. hxg6 fxg6 30. Qxg6+ Rg7 31. Qxf6 Nxf6 32. Bc4 Ng4 33. Bxe6+ Kh7 34. Bxg4 Rxg4 35. Ke1 Rg1+ 36. Ke2 Kg6 37. Ke3 b5 38. Re2 Rc8 39. f4 Rg3+ 40. Kf2 Rd3 41. R5e3 Rd1 42. Kf3 b4 43. Rg2+ Kf6 44. axb4 axb4 45. Rge2 Rf1+ 46. Ke4 Rd1 47. Rh2 bxc3 48. Rxc3 Re8+ 49. Kf3 Rxd4 50. Rxc6+ Kg7 51. Kg4 Rd1 52. Rc7+ Kg8 53. Rg2 Kf8 54. Kg5 Re6 55. f5 Re8 56. Kg6 Ree1 57. f6 Rd6 58. Rc8+ Re8 59. Rxe8+ Kxe8 60. Kg7 Rd7+ 61. Kg8 1-0

[Event "South Wales New Year op"]
[Site "Bridgend"]
[Date "2015.01.03"]
[Round "3"]
[White "Parry, Matthew"]
[Black "Waterfield, John"]
[Result "1-0"]
[WhiteElo "1788"]
[BlackElo "1962"]
[PlyCount "79"]
[EventDate "2015.01.02"]
[EventType "swiss"]
[EventRounds "5"]
[EventCountry "WLS"]
[SourceTitle "EXT 2018"]
[Source "ChessBase"]
[SourceDate "2017.10.13"]
[SourceVersion "1"]
[SourceVersionDate "2017.10.13"]
[SourceQuality "1"]

1. d4 Nf6 2. c4 c5 3. d5 b5 4. cxb5 a6 5. bxa6 g6 6. Nc3 Bxa6 7. e4 Bxf1 8. Kxf1 d6 9. g3 Bg7 10. Kg2 Nbd7 11. Nf3 0-0 12. Qc2 Nb6 13. h4 Qd7 14. Nd2 Ng4 15. b3 f5 16. Re1 fxe4 17. Ndxe4 Qf5 18. Bf4 Bxc3 19. Qxc3 Nxd5 20. Qc4 Kh8 21. Ng5 Nxf4+ 22. Qxf4 Qd5+ 23. Qe4 Rxf2+ 24. Kg1 Qxe4 25. Rxe4 h5 26. Rxg4 Raxa2 27. Rxa2 Rxa2 28. Re4 Ra3 29. Rxe7 Rxb3 30. Kf2 d5 31. Rd7 Rb2+ 32. Kf3 Rd2 33. Ne6 c4 34. Nf4 c3 35. Ke3 Rd1 36. Rc7 d4+ 37. Ke4 Rg1 38. Nxg6+ Kg8 39. Ne7+ Kh8 40. Nf5 1-0

[Event "BCF-chT3S 1415 (4NCL)"]
[Site "England"]
[Date "2014.11.15"]
[Round "1.78"]
[White "Parry, Matthew"]
[Black "Taylor, Adam A"]
[Result "1/2-1/2"]
[WhiteElo "1808"]
[BlackElo "2103"]
[PlyCount "63"]
[EventDate "2014.11.15"]
[EventType "team-swiss"]
[EventRounds "6"]
[EventCountry "ENG"]
[SourceTitle "CBM 163 Extra"]
[Source "ChessBase"]
[SourceDate "2014.12.23"]
[SourceVersion "1"]
[SourceVersionDate "2014.12.23"]
[SourceQuality "1"]
[WhiteTeam "West is Best II"]
[BlackTeam "e2e4.org.uk II"]
[WhiteTeamCountry "ENG"]
[BlackTeamCountry "ENG"]

1. d4 Nf6 2. Nf3 e6 3. e3 b6 4. Bd3 Bb7 5. Nbd2 d5 6. Ne5 Nbd7 7. Nxd7 Qxd7 8. Nf3 Bd6 9. Ne5 Bxe5 10. dxe5 Ne4 11. Bxe4 dxe4 12. Qxd7+ Kxd7 13. Bd2 Rhd8 14. c4 a5 15. a4 Kc6 16. 0-0-0 Kc5 17. b3 Rd3 18. Kc2 Rad8 19. Bc3 g6 20. Rd2 h5 21. Rhd1 h4 22. g3 Bc6 23. Kb2 h3 24. Bd4+ R8xd4 25. exd4+ Kxd4 26. Kc2 Rxd2+ 27. Kxd2 g5 28. Re1 Kxe5 29. f4+ gxf4 30. gxf4+ Kd4 31. Re3 e5 32. fxe5 1/2-1/2

[Event "South Wales Autumn op"]
[Site "Wales"]
[Date "2014.10.12"]
[Round "5"]
[White "Davis, Lee"]
[Black "Parry, Matthew"]
[Result "1-0"]
[WhiteElo "1967"]
[BlackElo "1824"]
[PlyCount "49"]
[EventDate "2014.10.10"]
[EventType "swiss"]
[EventRounds "5"]
[EventCountry "WLS"]
[SourceTitle "EXT 2016"]
[Source "ChessBase"]
[SourceDate "2015.10.08"]
[SourceVersion "1"]
[SourceVersionDate "2015.10.08"]
[SourceQuality "1"]

1. d4 d5 2. g3 Nf6 3. Bg2 c5 4. Nf3 Nc6 5. 0-0 Bf5 6. c4 e6 7. Nc3 Nb4 8. Bg5 Be7 9. dxc5 Bc2 10. Qc1 d4 11. a3 dxc3 12. axb4 cxb2 13. Qxb2 Be4 14. Qe5 Bg6 15. Nh4 Qc8 16. Nxg6 hxg6 17. h4 0-0 18. Qc3 a6 19. Qf3 b6 20. Qxa8 Qxa8 21. Bxa8 Rxa8 22. cxb6 Bxb4 23. Rfb1 Bc3 24. b7 Rb8 25. Bf4 1-0

[Event "South Wales Autumn op"]
[Site "Wales"]
[Date "2014.10.11"]
[Round "3"]
[White "Rovaretti, David"]
[Black "Parry, Matthew"]
[Result "0-1"]
[WhiteElo "1674"]
[BlackElo "1824"]
[PlyCount "84"]
[EventDate "2014.10.10"]
[EventType "swiss"]
[EventRounds "5"]
[EventCountry "WLS"]
[SourceTitle "EXT 2016"]
[Source "ChessBase"]
[SourceDate "2015.10.08"]
[SourceVersion "1"]
[SourceVersionDate "2015.10.08"]
[SourceQuality "1"]

1. e4 c5 2. Nf3 d6 3. Bd3 g6 4. c3 Bg7 5. h3 Nf6 6. Bc2 d5 7. e5 Ng8 8. d4 Nc6 9. 0-0 Nh6 10. dxc5 Nf5 11. Re1 0-0 12. b4 b5 13. a4 Ba6 14. Bf4 e6 15. Na3 bxa4 16. b5 Bxb5 17. Nxb5 a6 18. Nd6 Qa5 19. Bxa4 Qxc5 20. Bxc6 Qxc6 21. Nxf5 gxf5 22. Qd2 Kh8 23. Bh6 Rg8 24. Ng5 Ra7 25. Bxg7+ Rxg7 26. f4 d4 27. cxd4 h6 28. Rec1 Qb7 29. Nf3 Qxf3 30. Rc8+ Kh7 31. Qf2 Qxh3 32. Rb1 Qg3 33. Rbb8 Qxf2+ 34. Kxf2 Kg6 35. Ra8 Rb7 36. Rc2 Rb4 37. Rd2 Ra4 38. g3 Kh5 39. Rd8 Ra3 40. d5 exd5 41. R8xd5 Rgxg3 42. R5d4 Kg4 0-1